00342nam a2200121Ia 4500008004100000082001400041100001600055245003500071260003800106365000600144630003500150730003500185100415s9999 xx 000 0 und d b9896a586 aKannaiyan,S aA Handbook Of Edible Mushrooms aNew Dehilc1980bTODAY & TOMORROW b0 aA Handbook Of Edible Mushrooms aA Handbook Of Edible Mushrooms